000 00612nam a22002297a 4500
003 UA-OsUOA
001 91892
007 ta
008 20121206b un ||||| |||| 00| 0 ukr d
100 _aХодченко П.
090 _a821.161.2
_bХ69
942 _cBK
040 _aUA-OsUOA
_bukr
_cUA-OsUOA
_dUA-OsUOA
245 _aСорочинська трагедія
_bповість
300 _a195 с.
955 _a3
041 _aukr
080 _a821.161.2
260 _aК.
_bДержавне видавництво художньої літератури
_c1964
650 7 _2UDC
999 _c378149
_d378149